| 000 | 00446nam a22001577a 4500 | ||
|---|---|---|---|
| 999 |
_c40629 _d40629 |
||
| 003 | OSt | ||
| 005 | 20210122141308.0 | ||
| 008 | 191016b ||||| |||| 00| 0 eng d | ||
| 020 | _a9789352606221 | ||
| 040 | _coclc | ||
| 082 |
_a915 _bHUS/G |
||
| 100 | 1 |
_aHusain, Majid, _9884 _d1938- |
|
| 245 |
_aGeography of India / _cMajid Husain |
||
| 260 |
_aChennai: _bMcGraw Hill, _c2018 |
||
| 942 |
_2ddc _cREF _h915 _iHUS/G _k915 _mHUS/G |
||